UBT Library

Shkathtësit e Shkrimit (Record no. 60741)

000 -LEADER
fixed length control field 00332nam a22001457a 4500
008 - FIXED-LENGTH DATA ELEMENTS--GENERAL INFORMATION
fixed length control field 251229b ||||| |||| 00| 0 eng d
020 ## - INTERNATIONAL STANDARD BOOK NUMBER
International Standard Book Number 9789951437714
041 ## - LANGUAGE CODE
Language code of text/sound track or separate title alb
080 ## - UNIVERSAL DECIMAL CLASSIFICATION NUMBER
Edition identifier 070
Field link and sequence number 0001
Universal Decimal Classification number 0001
082 ## - DEWEY DECIMAL CLASSIFICATION NUMBER
Edition number 0002
100 ## - Rafti
Rafti 24
101 ## - Shkurtesa
Shkurtesa gaz
245 ## - TITLE STATEMENT
Title Shkathtësit e Shkrimit
Statement of responsibility, etc Safet Zejnullahu
942 ## - ADDED ENTRY ELEMENTS (KOHA)
Source of classification or shelving scheme
Item type Books

No items available.

UBT Library © 2015-2024. All rights reserved University Education for Business and Technology